000 00656nam a2200301Ia 4500
005 20260401122121.0
008 008 250103s9999 xx 000 0 eng d
020 _a1840462345
037 _aTB
040 _aEDL
040 _beng
040 _cEDL
041 _2eng
041 _aeng
084 _a809.9 EAG
084 _qEDL
100 _aEaglestone, Robert
_9998085
245 0 _aPostmodernism and Holocaust Denial
245 0 _cEaglestone, Robert
260 _aU.K.
260 _bIcon Books
260 _c2001
300 _a75p
942 _cTB
942 _h809.9 EAG
999 _c1845027
_d1845027